000 00501nam a2200193 a 4500
001 1765881797154
003 YourLibrary
005 20251216161635.0
008 251216s1992##################000#0#eng##
020 _a9780521466707
082 0 4 _a202.16
_bGOD
100 1 _aGodbeer, Richard,
_eauthor.
245 1 0 _aThe Devil's Dominion :
260 _bCambridge University Press,
_c1992.
300 _a272 pages
650 0 _aHistory.
942 _cENGLISH
040 _aYourLibrary
_beng
_cYourLibrary
999 _c602796
_d602796